Análisis de estructuras: Métodos clásicos y matricial
| Main Authors: | , |
|---|---|
| Format: | Section = Libro |
| Language: | Undetermined Spanish |
| Published: |
México
Alfaomega
1996
|
| Subjects: |
| LEADER | 00641nam a2200217Ia 4500 | ||
|---|---|---|---|
| 008 | 241007s9999||||xx |||||||||||||| ||und|| | ||
| 020 | |a 970-15-0202-7 | ||
| 040 | |a BIBLIOTECA-RURC/ 624.1 M131 | ||
| 041 | |a spa | ||
| 082 | |a 624.1 M131 | ||
| 100 | 1 | |a Mccormac, Jack | |
| 100 | 1 | |b Elling, Rudolf E. | |
| 245 | 1 | 0 | |a Análisis de estructuras: Métodos clásicos y matricial |
| 260 | |a México |b Alfaomega |c 1996 | ||
| 300 | |a 624 p. :il. | ||
| 650 | 7 | |a REACCIONES | |
| 650 | 7 | |b DIAGRAMAS DE FUERZA CORTANTE Y MOMENTO FLEXIONANTE | |
| 650 | 7 | |c NTRODUCCIÓN AL ESTUDIO DE LAS ARMADURAS PLANAS. | |
| 942 | |c BK |2 ddc | ||
| 991 | |a TEXTO | ||
| 999 | |c 14464 | ||